| 000 | 00813nam a22002535i 4500 | ||
|---|---|---|---|
| 001 | 10590 | ||
| 003 | ES-MaACL | ||
| 005 | 20231226200702.0 | ||
| 007 | t| | ||
| 008 | 941207s1994 sp ||||0| spa j | ||
| 020 | _a84-451-0830-1 | ||
| 040 |
_aM-BN _bspa _cM-BN |
||
| 080 | _a860-23"19" | ||
| 100 | 1 |
_aOlmo, Lauro, _d1922-1994 _986974 |
|
| 245 | 1 | 0 |
_aEstampas contemporáneas / _cLauro Olmo ; prólogo de Angel Berenguer. |
| 250 | _a1ª ed. | ||
| 260 |
_aMadrid : _bAsociación de Autores de Teatro : _bConsejería de Educación y Cultura, _c1994. |
||
| 300 |
_a136 p ; _c22 cm. |
||
| 490 | 1 |
_aDamos la palabra ; _v1 |
|
| 710 | 2 |
_aAsociación de Autores de Teatro. _91565 |
|
| 830 | 0 |
_aDamos la palabra ; _v1 _9183268 |
|
| 852 |
_aES-MaACL _jL-18025 _bR.124311 |
||
| 999 |
_c10590 _d10590 |
||